The baby quiz Stats

 Plays Quiz not verified by Sporcle

Challenge
Share
Tweet
Embed
Score 0/20 Timer 06:00
0 Plays Today
Hint Answer % Correct
Christmas single by Eartha Kitt and covered by MadonnaSanta Baby
86.5%
The surge of births following World War IIBaby Boom
82.7%
Yellow sign or bumpersticker warning driversBaby on Board
82.7%
Party thrown when she's expectingbaby shower
82.7%
Taking something at a slow pacebaby steps
76.9%
Stuffed animal company created by Ty WarnerBeanie Baby
71.2%
Vanilla Ice song which samples Under Pressure by Queen and David BowieIce Ice Baby
71.2%
Type of meat taken from the ribcage and spare ribs of a pigBaby back ribs
71.2%
American candy made of peanuts and caramelBaby Ruth
65.4%
Children's clothes company with partners Old Navy and Banana RepublicBaby Gap
59.6%
Hint Answer % Correct
Debut single and album by Britney Spears...Baby One More Time
53.8%
1992 Sir-Mix-A-Lot hitBaby Got Back
51.9%
Infant entertainment company specializing in art, classical music, and poetryBaby Einstein
48.1%
Nursery rhyme from Mother Goose created in 1765Rockabye Baby
40.4%
Sunday comic with characters Hammie, Wren, and ZoeBaby Blues
40.4%
R&B singer with hits It's No Crime and Tender LoverBabyface
38.5%
A gum brand or someone who's sadcrybaby
36.5%
Ann M Martin novels popular in the 1990sBaby-sitters Club
36.5%
1 of the 2 songs not a hit on Michael Jackson's ThrillerBaby Be Mine
26.9%
Lollipop brand created in 1998 popularized by jingle by the Jonas BrothersBaby Bottle Pop
15.4%

You're not logged in!

Compare scores with friends on all Sporcle quizzes.
OR
Log In

You Might Also Like...

Show Comments

Extras

Created Jan 12, 2012ReportNominate
Tags:baby, term

Top Quizzes Today


Score Distribution

Your Account Isn't Verified!

In order to create a playlist on Sporcle, you need to verify the email address you used during registration. Go to your Sporcle Settings to finish the process.

Report this User

Report this user for behavior that violates our Community Guidelines.

Details: